| Tag |
First Indicator |
Second Indicator |
Subfields |
| LEADER |
00000nam a2200000 i 4500 |
| 001 |
in00004675430 |
| 006 |
m o d |
| 007 |
cr |n||||||||| |
| 008 |
220811s2022 gw a ob 001 0 eng d |
| 005 |
20260214215356.2 |
| 020 |
|
|
|a 9783527829842
|q (electronic book)
|
| 020 |
|
|
|a 3527829849
|q (electronic book)
|
| 020 |
|
|
|a 9783527829859
|q (electronic book)
|
| 020 |
|
|
|a 3527829857
|q (electronic book)
|
| 020 |
|
|
|z 3527348484
|q (hardcover)
|
| 020 |
|
|
|z 9783527348480
|q (hardcover)
|
| 035 |
|
|
|a wil6007436
|
| 035 |
|
|
|a (NhCcYBP)wil6007436
|
| 040 |
|
|
|a NhCcYBP
|b eng
|e rda
|c NhCcYBP
|
| 050 |
|
4 |
|a TA418.9.T96
|b T86 2022
|
| 082 |
0 |
4 |
|a 620.1/12
|2 23/eng/20220812
|
| 245 |
0 |
0 |
|a Two-dimensional-materials-based membranes :
|b preparation, characterization, and applications /
|c edited by Gongping Liu and Wanqin Jin.
|
| 264 |
|
1 |
|a Weinheim, Germany :
|b Wiley-VCH GmbH,
|c [2022]
|
| 300 |
|
|
|a 1 online resource (xiv, 380 pages)
|
| 336 |
|
|
|a text
|b txt
|2 rdacontent
|
| 337 |
|
|
|a computer
|b c
|2 rdamedia
|
| 338 |
|
|
|a online resource
|b cr
|2 rdacarrier
|
| 504 |
|
|
|a Includes bibliographical references and index.
|
| 588 |
0 |
|
|a Online resource; title from digital title page (viewed on August 12, 2022).
|
| 650 |
|
0 |
|a Two-dimensional materials.
|
| 650 |
|
0 |
|a Membranes (Technology)
|
| 700 |
1 |
|
|a Liu, Gongping,
|e editor.
|
| 700 |
1 |
|
|a Jin, Wanqin,
|e editor.
|
| 776 |
0 |
8 |
|c Original
|z 3527348484
|z 9783527348480
|
| 856 |
4 |
0 |
|u http://proxy.library.tamu.edu/login?url=https://onlinelibrary.wiley.com/book/10.1002/9783527829859
|z Connect to the full text of this electronic book
|t 0
|
| 955 |
|
|
|a Wiley EBA record
|
| 975 |
|
|
|p Wiley UBCM Full Collection 2026
|
| 999 |
f |
f |
|s d451ecdf-a49c-496a-9041-7b198bff682b
|i d387136f-d3e8-42a4-9288-721da817a9bd
|t 0
|
| 952 |
f |
f |
|a Texas A&M University
|b College Station
|c Electronic Resources
|s evans_pda
|d Available Online
|t 0
|e TA418.9.T96 T86 2022
|h Library of Congress classification
|
| 998 |
f |
f |
|a TA418.9.T96 T86 2022
|t 0
|l Available Online
|